banner koha

Curso diario da resistencia foliar a difusao de vapor de agua em kudzu tropical sob baixa temperatura (Registro n. 127963)

MARC details
000 -LÍDER
campo de controle de tamanho fixo 00954nas a2200289 4500
001 - NÚMERO DE CONTROLE
campo de controle BR9100408
003 - IDENTIFICADOR DO NÚMERO DE CONTROLE
campo de controle BR-BrBNA
005 - DATA E HORÁRIO DA ÚLTIMA TRANSAÇÃO
campo de controle 20231205091903.0
007 - CAMPO FIXO DE DESCRIÇÃO FÍSICA--INFORMAÇÃO GERAL
campo de controle de tamanho fixo ta
008 - CAMPO DE DADOS FIXOS--INFORMAÇÃO GERAL
campo de controle de tamanho fixo 230509b bl.|||p| |||| 00| 00por d
040 ## - FONTE DA CATALOGAÇÃO
Instituição da catalogação original BR-BrBNA
Idioma da catalogação por
Instituição que transcreveu o registro Biblioteca Nacional de Agricultura
041 ## - CÓDIGO DE IDIOMA
Código do idioma do texto/trilha sonora ou título diferente (Pt)
072 ## - CÓDIGO DE CATEGORIA DE ASSUNTO
Código de Categoria de Assunto H50
100 1# - ENTRADA PRINCIPAL--NOME PESSOAL
Nome pessoal Pereira Netto, A.B. de
100 1# - ENTRADA PRINCIPAL--NOME PESSOAL
Nome pessoal Pinto, H.S.
100 1# - ENTRADA PRINCIPAL--NOME PESSOAL
Nome pessoal Rocha Neto, O.G. da
245 1# - TÍTULO
Título Curso diario da resistencia foliar a difusao de vapor de agua em kudzu tropical sob baixa temperatura
246 1# - FORMA VARIANTE DO TÍTULO
Título/título abreviado Daily cycle of tropical kudzu leaf diffusive resistance, under low temperature
650 ## - ASSUNTO--TERMO TÓPICO
Cabeçalho tópico ou nome geográfico KUDZU
650 ## - ASSUNTO--TERMO TÓPICO
Cabeçalho tópico ou nome geográfico FOLHA
650 ## - ASSUNTO--TERMO TÓPICO
Cabeçalho tópico ou nome geográfico RADIACAO SOLAR
650 ## - ASSUNTO--TERMO TÓPICO
Cabeçalho tópico ou nome geográfico RESISTENCIA A TEMPERATURA
650 ## - ASSUNTO--TERMO TÓPICO
Cabeçalho tópico ou nome geográfico SAO PAULO
773 0# - ENTRADA ANALÍTICA
Título Pesquisa Agropecuaria Brasileira (Brazil)
ISSN - International Standard Serial Number ISSN 0100-204X
Partes relacionadas (Feb 1991), v. 26(2) p. 177-182
Número de controle do registro BR9100408
909 ## -
-- 202311
-- Lúcia
-- 55
-- Lúcia Elande
942 ## - ELEMENTOS DE ENTRADA ADICIONADOS (KOHA)
Fonte da classificação ou esquema de arquivamento na estante Classificação AGRIS
Ocultar no OPAC Não
Tipo de material Koha Analítica
Exemplares
Situação do descarte Fonte da classificação ou esquema de arquivamento na estante Situação física Não pode ser emprestado Biblioteca de origem Biblioteca atual Localização na estante Enumeração do periódico / cronologia Total de empréstimos Data de último acesso Número do exemplar Tipo de material Koha Fonte de aquisição
  Classificação AGRIS   Consulta local Biblioteca Nacional de Agricultura - Binagri Biblioteca Nacional de Agricultura - Binagri   (Feb 1991), v. 26(2) p. 177-182   29/11/2023 01 Periódicos Portaria Interministerial nº 164/94

BINAGRI

Telefone: (61)3218-2567/2388/3357/2097 - binagri@agro.gov.br

Ministério da Agricultura e Pecuária , Esplanada dos Ministérios, Bloco D, Anexo B, Brasília/DF, CEP: 70.043-900